000 00345pab a2200145 454500
008 180718b1986 xxu||||| |||| 00| 0 eng d
100 _aSashkin, Marshall
245 _aTrue visions in leadership
260 _c1986
300 _a58-61
362 _aMay
650 _aLeadership
773 _aTraining and Development Journal
909 _a12388
999 _c12388
_d12388